LEADER 01559nam a2200289 4500 001 000000358867 003 CaOOAMICUS 005 20240715114054.0 008 240715s2017 sp 000 u spa r 020 $a978-84-220-1986-2 040 $aSeMil$bita 100 1 $aGraf, Georg,$d<1875-1955>.$0(OLS)http://semarc/name/31813 245 10$aHistoria de la literatura árabe cristiana /$cGeorg Graf ; introducción de Pilar González Casado ; traducción de Alfonso Lombana Sánchez, con la colaboración de Eduardo Baura García. 264 1$aMadrid :$bBiblioteca de autores cristianos :$bUniversidad eclesiástica San Dámaso,$c2017. 300 $aLXXII, 768 p. ;$c22 cm 490 1 $aTextos del Oriente Cristiano. Subsidia ;$v2.1 650 4$aLetteratura araba cristiana.$0(OLS)http://semarc/subject/55880 700 1 $aBaura García, Eduardo.$0(OLS)http://semarc/name/119933 700 1 $aLombana Sánchez, Alfonso.$0(OLS)http://semarc/name/119932 700 1 $aGonzález Casado, Pilar.$0(OLS)http://semarc/name/119931 830 0$aTextos del Oriente cristiano. Subsidia ;$v2.1.$0(OLS)http://semarc/title/449262 850 $aSeMil 852 $aSeMil$W1$xVenegono$y1$m1R II 86$j249328$B249933$CSeMilBibl$Z2$F249933 $81 996 $6020$a978-84-220-1986-2$9(OLS)http://semarc/number/300655 996 $6245$aHistoria de la literatura árabe cristiana$9(OLS)http://semarc/title/449261 996 $6264$aMadrid :$bBiblioteca de autores cristianos :$bUniversidad eclesiástica San Dámaso$9(OLS)http://semarc/publisher/61838 LEADER 01234nam a2200265 i 4500 001 000000192389 003 CaOOAMICUS 005 20150728000000.0 008 150728n it u000 u ita u 013 $a170968 040 $aSeMil$bita 245 10$aFranco Lombardi /$cpresentazioni di Giacomo Prampolini e Costantino Baroni. 260 $aMilano :$bEdizioni d'Arte Amilcare Pizzi,$cstampa 1950. 260 $aMilano :$ba cura della Veneranda Fabbrica del Duomo di Milano,$cstampa 1950. 300 $a24 p., 51 c. di tav. :$bill. ;$c33 cm. 500 $aEd. n. 169 di 1000 esempl num. - Fondo card. Giovanni Colombo. 700 1 $aBaroni, Costantino,$d<1905-1956>.$0(OLS)http://semarc/name/26837 700 1 $aPrampolini, Giacomo,$d<1898-1975>.$0(OLS)http://semarc/name/9361 850 $aSeMil 852 $aSeMil$W1$xVenegono$y1$m3GC VIII 84$j142964$B142964$CSeMilBibl$Z2$F154339 $8B 941 1 $a3 961 $aLascito: Colombo Card. Giovanni 996 $6245$aFranco Lombardi$9(OLS)http://semarc/title/226844 996 $6260$aMilano :$ba cura della Veneranda Fabbrica del Duomo di Milano$9(OLS)http://semarc/publisher/50390 996 $6260$aMilano :$bEdizioni d'Arte Amilcare Pizzi$9(OLS)http://semarc/publisher/44162